书目信息 |
| 题名: |
葡萄牙
|
|
| 作者: | 陈家瑛 , 张维群 著 | |
| 分册: | ||
| 出版信息: | 重庆 重庆出版社 2007.11 |
|
| 页数: | 22, 366页, [8] 页图版 | |
| 开本: | 21cm | |
| 丛书名: | 世界列国国情习俗丛书 | |
| 单 册: | ||
| 中图分类: | K955.2 | |
| 科图分类: | ||
| 主题词: | ||
| 电子资源: | ||
| ISBN: | 978-7-5366-8569-7 | |
| 000 | 00972nam 2200277 450 | |
| 001 | 012008048995 | |
| 005 | 20080617172446.82 | |
| 010 | @a978-7-5366-8569-7@dCNY24.00 | |
| 100 | @a20080617d2007 em y0chiy0120 ea | |
| 101 | 0 | @achi |
| 102 | @aCN@b500000 | |
| 105 | @aacf z 000yy | |
| 106 | @ar | |
| 200 | 1 | @a葡萄牙@Apu tao ya@d= Portugal@f陈家瑛, 张维群著@Fchen jia ying,zhang wei qun zhu@zeng |
| 210 | @a重庆@c重庆出版社@d2007.11 | |
| 215 | @a22, 366页, [8] 页图版@c图, 肖像@d21cm | |
| 225 | 2 | @a世界列国国情习俗丛书@Ashi jie lie guo guo qing xi su cong shu |
| 330 | @a本书详尽介绍了葡萄牙的历史、人口、宗教、文化、政治、经济、教育与科技、旅游、休闲与体育及衣食住行等内容。 | |
| 410 | 0 | @12001 @a世界列国国情习俗丛书 |
| 510 | 1 | @aPortugal@zeng |
| 607 | @a葡萄牙@Apu tao ya@x概况 | |
| 690 | @aK955.2@v4 | |
| 701 | 0 | @a陈家瑛@Achen jia ying@4著 |
| 701 | 0 | @a张维群@Azhang wei qun@4著 |
| 801 | 0 | @aCN@bQSSK@c20080617 |
| 905 | @b728070-72@dK955.2@eC468@f3 | |
| 葡萄牙= Portugal/陈家瑛, 张维群著.-重庆:重庆出版社,2007.11 |
| 22, 366页, [8] 页图版:图, 肖像;21cm.-(世界列国国情习俗丛书) |
| ISBN 978-7-5366-8569-7:CNY24.00 |
| 本书详尽介绍了葡萄牙的历史、人口、宗教、文化、政治、经济、教育与科技、旅游、休闲与体育及衣食住行等内容。 |
| ● |
| 相关链接 |
|
|
|
正题名:葡萄牙
索取号:K955.2/C468
 
预约/预借
| 序号 | 登录号 | 条形码 | 馆藏地/架位号 | 状态 | 备注 |
| 1 | 728070 | 207280707 | 社科库309/309社科库 28排3列1层/ [索取号:K955.2/C468] | 在馆 | |
| 2 | 728071 | 207280716 | 社科库309/309社科库 28排3列1层/ [索取号:K955.2/C468] | 在馆 | |
| 3 | 728072 | 207280725 | 社科库309/309社科库 28排3列1层/ [索取号:K955.2/C468] | 在馆 |